La inteligencia corporal-cinestésica (Record no. 186788)

MARC details
000 -CABECERA
campo de control de longitud fija 01661nab a2200313 a 4500
005 - FECHA Y HORA DE LA ÚLTIMA TRANSACCIÓN
campo de control 20260108064017.0
008 - ELEMENTOS DE LONGITUD FIJA--INFORMACIÓN GENERAL
campo de control de longitud fija 991125c2014 sp fr p o 000 0 spa d
035 ## - NÚMERO DE CONTROL DEL SISTEMA
Número de control de sistema UPN01000214688
040 ## - FUENTE DE LA CATALOGACIÓN
Centro catalogador/agencia de origen UPN
Lengua de catalogación spa
Centro/agencia transcriptor UPN
Normas de descripción aacr2
049 ## - COLECCIÓN
Colección ART-E
100 1# - ASIENTO PRINCIPAL--NOMBRE PERSONAL
Nombre de persona MoraL Moreno, Luis
100 1# - ASIENTO PRINCIPAL--NOMBRE PERSONAL
Nombre de persona FuentesaL García, JuLio
245 13 - MENCIÓN DE TÍTULO
Título La inteligencia corporal-cinestésica
506 0# - NOTA DE RESTRICCIONES AL ACCESO
Limitaciones de acceso Acceso abierto
520 3# - NOTA DE RESUMEN, ETC.
Sumario, etc. El presente trabajo aborda una de las inteligencias aludidas en la teoría de las inteligencias Múltiples de Howard Gardner: la inteligencia corporalcinestésica (ic-K); el texto hace una incursión en sus bases conceptuales (concepto, localización cerebral, relaciones con el resto de inteligencias, etcé- tera), sus principales componentes, cómo ha sido tratada habitualmente en la escuela y las expectativas de desarrollo (metodología, recursos, actividades, evaluación, etcétera); el documento introduce además propuestas concretas (técnicas e instrumentos) para estimular y evaluar la ic-K dentro del marco general de la teoría que la sustenta.
650 #7 - ASIENTO SECUNDARIO DE MATERIA - TERMINO TEMATICO
Término de materia o nombre geográfico como elemento de entrada Inteligencias múltiples
9 (RLIN) 171
650 #2 - ASIENTO SECUNDARIO DE MATERIA - TERMINO TEMATICO
Término de materia o nombre geográfico como elemento de entrada Solución de problemas
9 (RLIN) 2522
650 #2 - ASIENTO SECUNDARIO DE MATERIA - TERMINO TEMATICO
Término de materia o nombre geográfico como elemento de entrada Desarrollo
9 (RLIN) 15150
650 #4 - ASIENTO SECUNDARIO DE MATERIA - TERMINO TEMATICO
Término de materia o nombre geográfico como elemento de entrada Evaluación
9 (RLIN) 14106
653 0# - TERMINO DE INDIZACION - NO CONTROLADO
Término no controlado Inteligencia corporal-cinestésica
653 0# - TERMINO DE INDIZACION - NO CONTROLADO
Término no controlado Componentes
653 0# - TERMINO DE INDIZACION - NO CONTROLADO
Término no controlado Movimiento corporal
653 0# - TERMINO DE INDIZACION - NO CONTROLADO
Término no controlado Recursos
773 ## - ENLACE AL DOCUMENTO FUENTE/ENTRADA DE REGISTRO ANFITRIÓN
Parte(s) relacionada(s) No. 31 (2014), p. 105-135
Título Educación y futuro : revista de investigación aplicada y experiencias educativas
Número Internacional Normalizado para Publicaciones Seriadas 1576-5199
856 4# - LOCALIZACIÓN Y ACCESO ELECTRÓNICOS
Identificador Uniforme del Recurso <a href="http://cesdonbosco.com/documentos/revistaeyf/EYF_31.pdf">http://cesdonbosco.com/documentos/revistaeyf/EYF_31.pdf</a>
902 ## - ELEMENTOS DE DATOS B LOCAL, LDB (RLIN)
Creó Gloria Jiménez/140125
905 ## - TIPO DE MATERIAL
Tipo de material Articulo
942 ## - ELEMENTOS DE PUNTO DE ACCESO ADICIONAL (KOHA)
Tipo de ítem Koha Artículo Electrónico
Holdings
Estado de retiro Estado de pérdida Estado dañado No para préstamo Código de colección Localización permanente Ubicación/localización actual Ubicación en estantería Fecha de adquisición Total de préstamos Fecha visto por última vez Identificador Uniforme del Recurso Precio válido a partir de Tipo de ítem Koha
        Acceso abierto Bib. Gregorio Torres Quintero Bib. Gregorio Torres Quintero En línea 14/01/2025   14/01/2025 https://cesdonbosco.com/wp-content/uploads/2022/12/EYF_31.pdf 14/01/2025 Artículo Electrónico